Les villes les plus peuplées de Charente - Statistiques

Statistiques générales
  • Ce quiz a été pris 119 fois
  • Le résultat moyen est 8 sur 20
Statistiques - réponses
Population Ville % Correct
43 137 Angoulême
99%
19 525 Cognac
91%
2 856 Confolens
66%
3 627 Ruffec
65%
10 180 Soyaux
59%
6 857 La Couronne
57%
5 971 Gond-Pontouvre
47%
7 230 Ruelle-sur-Touvre
35%
3 536 Châteaubernard
33%
3 226 La Rochefoucauld
33%
4 819 Barbezieux-Saint-Hilaire
31%
4 605 Champniers
31%
3 419 Châteauneuf-sur-Charente
26%
4 920 L'Isle-d'Espagnac
26%
6 369 Saint-Yrieix-sur-Charente
24%
2 907 Fléac
23%
2 987 Brie
22%
2 964 Saint-Michel
20%
3 480 Roullet-Saint-Estèphe
8%
4 665 Jamac
5%
Aucun quiz correspondant
Distribution des résultats
% des personnes avec chaque résultat
Percentile par nombre de réponses
Votre historique - résultats
Vous n’avez pas pris ce quiz